La notación de la música contemporánea
Spremljeno u:
| Glavni autor: | |
|---|---|
| Format: | Knjiga |
| Jezik: | španjolski |
| Izdano: |
Buenos Aires
Ricordi Americana
1973
|
| Teme: | |
| Oznake: |
Dodaj oznaku
Bez oznaka, Budi prvi tko označuje ovaj zapis!
|
MARC
| LEADER | 00000nam a2200000 a 4500 | ||
|---|---|---|---|
| 001 | UCN2472 | ||
| 003 | CL-VaPUC | ||
| 005 | 20231020105131.0 | ||
| 008 | 010518e19730000AG |||||||||||||||||spa|d | ||
| 999 | |c 295573 |d 295571 | ||
| 020 | |a 9502202120 | ||
| 040 | |c Pontificia Universidad Católica de Valparaíso | ||
| 082 | 0 | 4 | |a 780.148 LOC 1973 |2 21 |
| 100 | |a Locatelli de Pérgamo, Ana María |e autora |9 458400 | ||
| 245 | 1 | 3 | |a La notación de la música contemporánea |
| 260 | |a Buenos Aires |b Ricordi Americana |c 1973 | ||
| 300 | |a 83 p | ||
| 583 | |a last modification |c 20010518 00:00:00 |k Rodrigo Vera | ||
| 650 | 0 | |a Notación musical |2 CL-VaPUC |9 265461 | |
| 650 | 0 | |a Música contemporánea |9 306742 | |
| 650 | 0 | |a Teoría musical |9 265760 | |
| 942 | |c BK |2 ddc | ||
| 945 | |d 20010518 00:00:00 |a crobeson | ||
| 952 | |0 0 |1 0 |4 0 |6 780_148000000000000_LOC_1973 |7 0 |8 A |9 348830 |a BIBEDU |b BIBEDU |d 2019-11-20 |i 1184172 |o 780.148 LOC 1973 |p 1184172 |r 2023-01-12 |w 2019-11-20 |y BK |k MUS | ||
| 952 | |0 0 |1 0 |4 0 |6 780_148000000000000_LOC_1973 |7 0 |8 A |9 348831 |a BIBEDU |b BIBEDU |d 2019-11-20 |i 3982092 |l 3 |o 780.148 LOC 1973 |p 3982092 |r 2025-03-31 |s 2025-03-31 |w 2019-11-20 |y BK |k MUS | ||